| 000 | 00340nam a22001217a 4500 | ||
|---|---|---|---|
| 020 | _a8122415180 | ||
| 082 |
_222 _a621.3692 |
||
| 100 | _aDe, Anuradha. | ||
| 245 |
_aOptical fiber and laser: _bPrinciples and applications / |
||
| 260 |
_aNew Delhi, _bNew Age International, _cc2006. |
||
| 300 |
_axv, 281 p. ; _bill. ; _c24 cm. |
||
| 942 |
_2ddc _cEE _01 |
||
| 999 |
_c59 _d59 |
||